000
00296nam a22001097a 4500
008
170111b xxu||||| |||| 00| 0 eng d
020
_a
083857703
041
_a
eng
080
_a
618.2
245
_a
PAIN/ A NURSING APPROACH TO ASSESSMENT AND ANALYSIS
_c
MEINHART, N.T & MCCAFFERY, M
942
_2
udc
_c
BK
999
_c
2690
_d
2690